Nakladanie s komunálnym odpadom vo vybranej obci bakalárska práca

Saved in:
Bibliographic Details
Main Author: Fedorčáková, Eliška
Corporate Author: Národohospodárska fakulta EU. Katedra financií
Other Authors: Skýpalová, Jana, 1988-
Format: Book
Language:Slovak
Published: Bratislava 2024
Tags: Add Tag
No Tags, Be the first to tag this record!

MARC

LEADER 00000nbm a2200000 4500
001 0301612
005 20241025101929.0
041 0 |a slo 
044 |a SK 
245 1 0 |a Nakladanie s komunálnym odpadom vo vybranej obci  |b bakalárska práca  |c Eliška Fedorčáková ; školiteľ: Jana Skýpalová 
264 1 |a Bratislava  |c 2024 
300 |a 51 s. 
100 1 |a Fedorčáková, Eliška 
700 1 |a Skýpalová, Jana, 1988- 
710 2 |a Národohospodárska fakulta EU. Katedra financií